Zostavenie konsolidovanej účtovnej závierky obce – praktický príklad

Obec zostavuje konsolidovanú účtovnú závierku za rok 2013. Súčasťou konsolidovaného celku sú obec, príspevková organizácia a obchodná spoločnosť. Obchodná spoločnosť bola založená v roku 2010 peňažným vkladom vo výške 25 000 eur. Obec poskytla v priebehu roka 2013 bežný transfer svojej príspevkovej...

Description complète

Enregistré dans:
Détails bibliographiques
Auteur principal: Jobbágyová, Bibiana
Format: Chapitre de livre
Langue:slovaque
Sujets:
Tags: Ajouter un tag
Pas de tags, Soyez le premier à ajouter un tag!

MARC

LEADER 00000naa a2200000 4500
001 0180415
005 20231204111830.1
041 0 |a slo 
044 |a SK 
245 1 0 |a Zostavenie konsolidovanej účtovnej závierky obce – praktický príklad  |c Bibiana Jobbágyová 
520 |a Obec zostavuje konsolidovanú účtovnú závierku za rok 2013. Súčasťou konsolidovaného celku sú obec, príspevková organizácia a obchodná spoločnosť. Obchodná spoločnosť bola založená v roku 2010 peňažným vkladom vo výške 25 000 eur. Obec poskytla v priebehu roka 2013 bežný transfer svojej príspevkovej organizácii vo výške 12 000 eur, ktorý poslala na jej bankový účet. Príspevková organizácia minula transfer v plnej výške. Zároveň obec poskytla kapitálový transfer obchodnej spoločnosti vo výške 10 000 eur, ktorý obchodná spoločnosť použila na nákup technického zariadenia, ktoré zaradila do dlhodobého majetku. 
610 2 0 |a Slovensko 
610 2 0 |a závierka účtovná konsolidovaná 
610 2 0 |a obce 
610 2 0 |a informácie účtovné 
100 1 |a Jobbágyová, Bibiana